书目信息 |
| 题名: |
一个人的行走
|
|
| 作者: | 汪志明 著 | |
| 分册: | ||
| 出版信息: | 北京 三辰影库音像出版社 2018 |
|
| 页数: | 345页, [1] 页图版 | |
| 开本: | 21cm | |
| 丛书名: | ||
| 单 册: | ||
| 中图分类: | I251 , K828 | |
| 科图分类: | ||
| 主题词: | 回忆录--hui yi lu--中国--当代 | |
| 电子资源: | ||
| ISBN: | 978-7-380-00313-5 | |
| 000 | 00941nam0 2200265 450 | |
| 001 | 012001012459 | |
| 005 | 20131115231827.0 | |
| 010 | @a978-7-380-00313-5@dCNY39.80 | |
| 099 | @aCAL 012018098229 | |
| 100 | @a20180814d2018 em y0chiy50 ea | |
| 101 | 0 | @achi |
| 102 | @aCN@b110000 | |
| 105 | @ahf z 000zd | |
| 106 | @ar | |
| 200 | 1 | @a一个人的行走@Ayi ge ren de xing zou@f汪志明作品 |
| 210 | @a北京@c三辰影库音像出版社@d2018 | |
| 215 | @a345页, [1] 页图版@c摹真@d21cm | |
| 330 | @a本书主要讲述七十年代出生的作者自七岁到二十岁之间,所经历的成长历程。作者通过回忆的方式,讲述了八十年代皖南地区的农村生活、风土人情、社会变革,以及那些早已经丧失掉了的延续了千年的农村传统文化。 | |
| 600 | 0 | @a汪志明,@Awang zhi ming@f197_-@x回忆录 |
| 606 | 0 | @a回忆录@Ahui yi lu@y中国@z当代 |
| 690 | @aI251@v5 | |
| 690 | @aK828@v5 | |
| 701 | 0 | @a汪志明@Awang zhi ming@4著 |
| 801 | 0 | @aCN@b上海新华@c20191020 |
| 905 | @b1179321-5@dI251@e1153@f5 | |
| 一个人的行走/汪志明作品.-北京:三辰影库音像出版社,2018 |
| 345页, [1] 页图版:摹真;21cm |
| ISBN 978-7-380-00313-5:CNY39.80 |
| 本书主要讲述七十年代出生的作者自七岁到二十岁之间,所经历的成长历程。作者通过回忆的方式,讲述了八十年代皖南地区的农村生活、风土人情、社会变革,以及那些早已经丧失掉了的延续了千年的农村传统文化。 |
| ● |
| 相关链接 |
|
|
|
|
正题名:一个人的行走
索取号:I251/1153
 
预约/预借
| 序号 | 登录号 | 条形码 | 馆藏地/架位号 | 状态 | 备注 |
| 1 | 1179321 | 211793219 | 第一样本阅览室/ [索取号:I251/1153] | 在馆 | |
| 2 | 1179322 | 211793228 | 第二借阅区/ [索取号:I251/1153] | 在馆 | |
| 3 | 1179323 | 211793237 | 第二借阅区/ [索取号:I251/1153] | 在馆 | |
| 4 | 1179324 | 211793246 | 第二借阅区/ [索取号:I251/1153] | 在馆 | |
| 5 | 1179325 | 211793255 | 第二借阅区/ [索取号:I251/1153] | 在馆 |